000 00314 a2200133 4500
001 155763
040 _cEscola São Tomás de Aquino
100 _aSOUSA, Mauricio de
240 1 0 _aFolclore brasileiro
_lpor
245 1 0 _aFolclore brasileiro
440 1 _aGirassol
697 _a*LITERATURA INFANTIL
942 _cBK
999 _c155763
_d155763